000 00288nam a2200109Ia 4500
008 190216s9999||||xx |||||||||||||| ||und||
100 _aHarbans Singh &earl N Moore
245 0 _aLive Stock And Poultry Production
260 _bPrentice Hall India
_c1968
650 _aBotany
942 _cBK
999 _c1031
_d1031